000 00563nam a2200193Ia 4500
003 OSt
005 20240814122041.0
008 210210b2000 xxu||||| |||| 00| 0 eng d
040 _cAL
041 _aKannada
082 _a370.1K JYEB
100 _aJYESHTAVARMAN.
_dಜ್ಯೇಷ್ಟವರ್ಮನ್
_9177288
245 _aBharatiya shikshana nithi.
_bಭಾರತೀಯ ಶಿಕ್ಷಣ ನೀತಿ
260 _aUdupi.
_bArsha Sahitya Samshodhana Nyasa.,
_c2000
300 _a50
690 _aEducation
_9177289
906 _a039715
942 _2ddc
_cBK
999 _c89556
_d89556